000 00810nam a22001937a 4500
999 _c8992
_d8992
003 AR-CdUCM
008 190327b ||||| |||| 00| 0 spa d
040 _aMUNICIPALIDAD PROVINCIAL DEL CUSCO
_cBIBLIOTECA MUNICIPAL DEL CUSCO
082 _a362.829 /
_bES79
110 _aMinisterio de la mujer y desarrollo social
_924908
245 _aEstado de las investigaciones en violencia familiar y sexual en el Perú /
260 _aLima :
_bMimdes,
_c2003.
300 _a93 páginas ;
_c24 cm.
505 _aContenido: sistematización de las investigaciones en violencia familiar y sexual en el Perú -- Resultados de la sistematización de la investigación en violencia familiar y sexual...
650 _aViolencia familiar.
_911707
650 _aViolencia sexual.
_924475
942 _2ddc
_cLIBROS
945 _awfj